Student study guide with solutions to accompany introduction to statistical reasoning

Đã lưu trong:
Sonraí Bibleagrafaíochta
Príomhúdar: Smith, Garry
Formáid: Leabhar
Foilsithe: WCB/McGraw-Hill 1998
Clibeanna: Cuir Clib Leis
Gan Chlibeanna, Bí ar an gcéad duine leis an taifead seo a chlibeáil!
Thư viện lưu trữ: Mạng thư viện Đại học Đà Nẵng
LEADER 00593nam a2200229 a 4500
001 000030020
003 14517
005 20171030145630.0
008 171030s1998
040 |a LTT 
082 0 |a 519.52  |b SM-G 
100 1 |a Smith, Garry 
245 0 0 |a Student study guide with solutions to accompany introduction to statistical reasoning  |c Gary Smith. 
260 |b WCB/McGraw-Hill  |c 1998 
500 |a ASIA 
OWN |a LTT 
999 |a From the UDN01 
TYP |a Monograph 
TYP |a Printed language 
980 |a Mạng thư viện Đại học Đà Nẵng